Регионална библиотека "Любен Каравелов" - Русе

Артисти със сребро в косите (Запис номер 194689)

MARC детайли
000 -Лидер
Контролно поле с фиксирана дължина 03346nam a2200469 c 4500
003 - Код на организацията, давaща контролен номер
Контролно поле BLK
005 - Дата и час на последна редакция
Контролно поле 20250530153628.0
008 - Елементи от данни с фиксирана дължина
fixed length control field 180411b bul|||||r ||||||| ||bul||
010 ## - Наследен системен номер
LC control number KNG00203921000
020 ## - Международен стандартен номер на книга ISBN
Международен стандартен номер на книга ISBN 978-619-90421-0-6
-- издат.: Пощенска кутия за приказки
040 ## - Източник на каталожния запис
Идентификатор на билиотеката - собственик на записа BLK
041 ## - Код за език
Код за езика на текст/звукозапис или на отделно заглавие Български
Код за езика КДБФ Български
072 #7 - Код за тематичната категория
Код организация bullib
Код за тематична категория Н84
Текст Българска художествена литература Н
080 ## - УДК
Текстов определител УДК Българска литература
УДК код - определител по УДК 821.163.2
УДК определител -94
УДК - код + определител 821.163.2-94
080 ## - УДК
Текстов определител УДК Сценични работници. Професионални сцени и театрални артисти. Сценични директори. Сценични актьори, музиканти, представления
УДК код - определител по УДК 792.071
УДК определител (497.2)(092)(0:82-9)
УДК - код + определител 792.071(497.2)(092)(0:82-9)
080 ## - УДК
Текстов определител УДК Създатели на кинофилми
УДК код - определител по УДК 791.44.071
УДК определител (497.2)(092)(0:82-9)
УДК - код + определител 791.44.071(497.2)(092)(0:82-9)
080 ## - УДК
Текстов определител УДК Биографии
УДК код - определител по УДК 929
УДК определител (497.2)
УДК - код + определител 929(497.2)
100 1# - Редна дума - Автор
Автор Мурдаров, Владко Данаилов
Авторска отговорност първи автор
R(LIN) 366170
139 ## - Редно поле
Редна дума Артисти със сребро в косите
Авторски знак Арт - А 89
245 10 - Сведения за заглавието
Заглавие Артисти със сребро в косите
Подзаглавни данни Истински истории
Редно поле (дума) Владко Данаилов Мурдаров; състав. Емилия Цанкова.
257 ## - Страна на издаване
Страна на създаване/издаване България
260 ## - Област на издателските данни
-- София
Име на издателя, разпространителя и проч. Пощенска кутия за приказки
Година на издаване 2017
Печатница София : Алианс принт
300 ## - Физическа характеристика
Страници 315 с.
Размери/Мащаб 21 см
380 ## - Жанр
Жанр Худож. лит.
500 ## - Общи забележки
Забележка Кор. загл. Артисти със сребро в косите разказват истински истории от света на киното и театъра. - Други авт.: А. Савинова-Семова, А. Тонев - Тони, Ат. Илков, Б. Цекова, В. Ганев, В. Станилов, В. Чаушев, В. Славова, Г. Велчовски, Г. Ножаров, Г. Кофарджиева, Г. Станчева, Д. Стефанов, Е. Илиева, Е. Кьостебеков, Е. Ангелова, Е. Радева, Е. Цанкова, Ж. Чакърова, Ив. Налбантов, Ил. Божилов, И. Финци, К. Кавадарков, К. Петкова, Кр. Казанджиева, Л. Филипова, Л. Бъчваров, М. Славчева, М. Караламбова, Н. Топалова, Н. Петков, Н. Пашов, О. Попова, Ст. Станчев, Ст. Германов, Ст. Илиев, Хр. Домусчиев, К. Божанова.
650 #4 - Допълнително описание по предмет – тема
Основно описание – тема или топоним Артисти, български - спомени
9 (RLIN) 250105
650 #4 - Допълнително описание по предмет – тема
Основно описание – тема или топоним Актьори, български
9 (RLIN) 263862
650 #4 - Допълнително описание по предмет – тема
Основно описание – тема или топоним Киноартисти, български
9 (RLIN) 266032
651 #4 - Допълнително описание по предмет - топоним
Географско понятие България
9 (RLIN) 241624
653 ## - Ключова дума – ненормативна
Ключова дума български артисти
653 ## - Ключова дума – ненормативна
Ключова дума киноартисти
653 ## - Ключова дума – ненормативна
Ключова дума театрални дейци
653 ## - Ключова дума – ненормативна
Ключова дума спомени
659 ## - Тематичен бюлетин
Тематичен бюлетин Н
700 1# - Други автори (авторска отговорност)
Лично име Цанкова, Емилия
Автороска отговорност (Описва отношението между автора и произведението) състав.
9 (RLIN) 383346
852 ## - Местоположение
Форматна сигнатура Цб 284866
856 4# - Електронен адрес и достъп
Електронен формат pdf - файл
Път до файла /url/
856 4# - Електронен адрес и достъп
Електронен формат pdf - файл
Път до файла /url/
942 ## - АРТИКУЛИ
Вид на библиотечния материал Книги
Скрит в OPAC Не
Koha issues (borrowed), all copies 29
944 ## - СЪЗДАВАНЕ И РЕДАКЦИЯ на ЗАПИСА
Създаване/Редакция Създаване
Дата на регистрацията/редакция 27.03.2017
Статус, дата на статуса Цветомила Тодорова
Служител, извършил регистрацията/редакцията 30576
944 ## - СЪЗДАВАНЕ И РЕДАКЦИЯ на ЗАПИСА
Създаване/Редакция Редакция
Дата на регистрацията/редакция 20.02.2018
Статус, дата на статуса ф /
Служител, извършил регистрацията/редакцията Людмила_Стоянова
999 ## - СИСТЕМНИ КОНТРОЛНИ НОМЕРА
Koha biblionumber 194689
Koha biblioitemnumber 194689
Наличности
Код за отписване Код за изгубен артикул Източник на класификационната схема Код за повреда Коз за рестрикции Код за отдаване Артикулен № Име на библиотеката - собственик Име на библиотеката, в която се намира в момента Статус (Текущо местоположение) Дата на вписване в системата Местоположение - отдел Цена в лева Инвентарен номер Систематично азбучна сигнатура Баркод Номер на екземпляра Цена в евро Служебна бележка Служебен тип на артикула
  Не е изгубен Universal Decimal Classification Не е повреден без рестрикции заемане за дома 340373 Регионална библиотека "Любен Каравелов" Русе Регионална библиотека "Любен Каравелов" Русе Заемна - подръчен фонд 2017-03-27 Заемна - подръчен фонд 11.70 120000809466 П 886.7-9/А 89 120000809466 1 5.98 Дост: Pk Вид: Ф N: 809 Дата: 24.03.2017 Книги
  Не е изгубен   Не е повреден без рестрикции заемане за дома 340374 Регионална библиотека "Любен Каравелов" Русе Регионална библиотека "Любен Каравелов" Русе Заемна - подръчен фонд 2017-08-29 Заемна - подръчен фонд 11.70 120000814523 П 886.7-9/А 89 120000814523 2 5.98 Дост: Pk Вид: Ф N: 867 Дата: 19.08.2017 Дата инв: 14.02.2018 Бележки инв: П2018 Книги
  Не е изгубен Universal Decimal Classification Не е повреден без рестрикции заемане за дома 340375 Регионална библиотека "Любен Каравелов" Русе Регионална библиотека "Любен Каравелов" Русе Заемна - подръчен фонд 2018-01-29 Заемна - подръчен фонд 15.00 120000819330 П 886.7-9/А 89 120000819330 3 7.67 Дост: DA Вид: А N: 1 Дата: 29.01.2018 Дата инв: 15.02.2018 Бележки инв: П2018 Книги
Vip Innovations Ltd, Rousse, Bulgaria 2025